Identity in Conflict (Record no. 12245)

MARC details
000 -LEADER
fixed length control field 00663nam a2200241 a 4500
020 ## - INTERNATIONAL STANDARD BOOK NUMBER
ISBN 8121544
082 00 - DEWEY DECIMAL CLASSIFICATION NUMBER
Classification number 291.2
Author Cutter PAN
100 ## - MAIN ENTRY--AUTHOR NAME
Author name Pandit, Motilal
245 ## - TITLE STATEMENT
Title Identity in Conflict
Sub title Classical Christian Faith and Religio Occulta.
260 ## - PUBLICATION, DISTRIBUTION, ETC. (IMPRINT)
Place of publication New Delhi
Name of publisher Munshiram Manoharlal Publishers
Year of publication 1998
300 ## - PHYSICAL DESCRIPTION
Number of Pages 253p
500 ## - GENERAL NOTE
General note includes index and biblioraphy
505 2# - FORMATTED CONTENTS NOTE
Formatted contents note Index
650 ## - SUBJECT ADDED ENTRY--TOPICAL TERM
Topical Term Comparative Religion-Doctrines
942 ## - ADDED ENTRY ELEMENTS (KOHA)
Koha item type Books
700 1# -
-- Pandit, Motilal
Holdings
Collection code Home library Current library Date acquired Cost, normal purchase price Full call number Accession Number Koha item type
  Henry Martyn Institute Library Henry Martyn Institute Library 07/18/2007 525.00 291.2 PAN 018568 Books
                   Copyright © 2026 | Henry Martyn Institute | Hyderabad | TS-500052 | INDIA | Implemented by hmi.edu.in
Hit-Count:

Powered by Koha